कल तुम्हारा होगा/ (Record no. 214018)

MARC details
000 -LEADER
fixed length control field 00829nam a22001817a 4500
010 ## - LCCN (DPL NO)
LC control number HIN-130766
020 ## - INTERNATIONAL STANDARD BOOK NUMBER
International Standard Book Number 9789380455068
Terms of availability 100.00
035 ## - SYSTEM CONTROL NUMBER
System control number HN-103112
037 ## - SOURCE OF ACQUISITION
Source of stock number/acquisition उद्योग नगर प्रकाशन
082 ## - DEWEY DECIMAL CLASSIFICATION NUMBER
Classification number 821
100 ## - MAIN ENTRY--PERSONAL NAME
Personal name मिश्रा, देवेन्द्र कुमार
245 ## - TITLE STATEMENT
Title कल तुम्हारा होगा/
Statement of responsibility, etc देवेन्द्र कुमार मिश्रा
250 ## - EDITION STATEMENT
Edition statement 1
260 ## - PUBLICATION, DISTRIBUTION, ETC. (IMPRINT)
Place of publication, distribution, etc गाजियाबाद
Name of publisher, distributor, etc उद्योग नगर प्रकाशन
Date of publication, distribution, etc 2010
270 ## - ADDRESS
Address 695,न्यू कोट गांव,जी.टी.रोड़,
City गाजियाबाद
Postal code 2860110
300 ## - PHYSICAL DESCRIPTION
Extent 112पृ.
Dimensions 22सेमी(सजिल्द)
942 ## - ADDED ENTRY ELEMENTS (KOHA)
Source of classification or shelving scheme Dewey Decimal Classification
Item type Hindi Books
Classification part 821
Call number suffix मिश्राक
Holdings
Withdrawn status Lost status Not for loan Collection code Home library Current library Date acquired Source of acquisition Cost, normal purchase price Full call number Barcode Copy number Cost, replacement price Koha item type
      Non-fiction Central Jail Tihar Central Jail Tihar 07/01/2026 Delivery of Books Act Division 100.00 821 मिश्राक HN-103112 1 100.00 Hindi Books

© Delhi Public Library
Hit Counter
free hit counter